000 00580nam a22001937a 4500
003 OSt
005 20140310183041.0
008 130222t xxu||||| |||| 00| 0 eng d
020 _a9789715132701
050 _aRT 71
_b.F634 2009
100 _aFlores- Escobarte, Clare Frances.
245 _aMastering psychiatric nursing :
_b a student friendly review and study guide /
_c Clare Frances Escobarte-Flores.
260 _aManila :
_b Educational Pub. House,
_c2009.
300 _a200 p. :
_c 23 cm.
521 _aNUR
562 _e1
942 _2lcc
_cBK
_kLOC
999 _c18532
_d18532